Statistics for Geography of Rome on a Map

Click here to take the quiz!

General Stats

  • This quiz has been taken 513 times
  • The average score is 13 of 31

Answers on the Map

Answers color-coded by a green-red scale on the quiz's map according to % correct below.
 

Answer Stats

Answer% Correct
Colosseum
98%
Tiber River
85%
Saint Peter's Basilica
84%
Trevi Fountain
79%
Trevi Fountain
79%
lead to Rome
76%
Eternal
73%
Pantheon
73%
Circus Maximus
59%
Spanish Steps
56%
Sistine Chapel
52%
Fiddle
46%
Palatine Hill
46%
do as the Romans do
43%
Scipio Africanus
36%
Forum Romanum
32%
Castel Sant'Angelo
25%
Piazza Navona
25%
Sophia Loren
25%
Monti
23%
Apostolic Palace
20%
Apostolic Palace
20%
Aventine Hill
19%
Trastevere
19%
Campo de' Fiori
18%
Piazza del Popolo
13%
Borgo
8%
Ponte Sant'Angelo
8%
Clement I
7%
Servian Walls
5%
Ludovisi
4%

Score Distribution

Percentile by Number Answered

Percent of People with Each Score

Your Score History

You have not taken this quiz